[Event "Salou Salauris op 1st"]
[Site "Salou"]
[Date "2021.06.27"]
[Round "6"]
[White "Gomez Sanz, Xavier"]
[Black "Mares, Mario Gabriel"]
[Result "0-1"]
[WhiteElo "1408"]
[BlackElo "1442"]
[PlyCount "55"]
[EventDate "2021.06.25"]
[EventType "swiss"]
[EventRounds "7"]
[EventCountry "ESP"]
[SourceTitle "CBM 203 Extra"]
[Source "ChessBase"]
[SourceDate "2021.09.30"]
[SourceVersion "1"]
[SourceVersionDate "2021.09.30"]
[SourceQuality "1"]

1. d4 d5 2. Bf4 e6 3. e3 Nf6 4. Nf3 Nbd7 5. Nbd2 b6 6. Bd3 Bb7 7. Qe2 c5 8. c3 a5 9. 0-0 Be7 10. Ne5 0-0 11. a4 Ne4 12. Nb1 Nxe5 13. Bxe5 Bd6 14. Bxe4 dxe4 15. Bxd6 Qxd6 16. Na3 f5 17. Nc4 Qc7 18. Ne5 f4 19. f3 exf3 20. Nxf3 Ba6 21. c4 cxd4 22. Nxd4 Bxc4 23. Qc2 Qc5 24. Rac1 Rac8 25. Qe4 fxe3 26. Rxf8+ Rxf8 27. Nxe6 e2+ 28. Nxc5 0-1

[Event "Salou Salauris op 1st"]
[Site "Salou"]
[Date "2021.06.26"]
[Round "3"]
[White "Marzal Salas, Isabel"]
[Black "Gomez Sanz, Xavier"]
[Result "0-1"]
[WhiteElo "1397"]
[BlackElo "1408"]
[PlyCount "72"]
[EventDate "2021.06.25"]
[EventType "swiss"]
[EventRounds "7"]
[EventCountry "ESP"]
[SourceTitle "CBM 203 Extra"]
[Source "ChessBase"]
[SourceDate "2021.09.30"]
[SourceVersion "1"]
[SourceVersionDate "2021.09.30"]
[SourceQuality "1"]

1. d4 e6 2. Bf4 Nf6 3. e3 d5 4. c3 c5 5. Bd3 Bd6 6. Bg3 Qc7 7. Bxd6 Qxd6 8. Qa4+ Nc6 9. Nf3 0-0 10. Ng5 Bd7 11. dxc5 Qxc5 12. Qh4 h6 13. b4 Qd6 14. Nh3 e5 15. f3 d4 16. exd4 exd4 17. 0-0 dxc3 18. Nf4 Qxb4 19. a3 Qb2 20. Nxc3 Qxc3 21. Rfc1 Qd4+ 22. Kh1 g5 23. Qxh6 Qxf4 24. Be4 Nxe4 25. fxe4 Qxe4 26. Qxg5+ Qg6 27. Qd2 Rad8 28. Rg1 Bg4 29. Qf4 Rd4 30. Qc7 Rfd8 31. h3 Qh6 32. Qxb7 Bxh3 33. gxh3+ Kf8 34. Qxf7+ Kxf7 35. Raf1+ Rf4 36. Rxf4+ Qxf4 0-1

[Event "Salou Salauris op 1st"]
[Site "Salou"]
[Date "2021.06.25"]
[Round "1"]
[White "Grau Ferrer, Carles"]
[Black "Gomez Sanz, Xavier"]
[Result "1-0"]
[WhiteElo "1931"]
[BlackElo "1408"]
[PlyCount "129"]
[EventDate "2021.06.25"]
[EventType "swiss"]
[EventRounds "7"]
[EventCountry "ESP"]
[SourceTitle "CBM 203 Extra"]
[Source "ChessBase"]
[SourceDate "2021.09.30"]
[SourceVersion "1"]
[SourceVersionDate "2021.09.30"]
[SourceQuality "1"]

1. d4 e6 2. Bf4 d5 3. e3 Nf6 4. c3 c5 5. Bd3 Bd6 6. Bg5 Nbd7 7. Nd2 Qc7 8. f4 h6 9. Bxf6 Nxf6 10. Ngf3 g5 11. g3 gxf4 12. gxf4 Ng4 13. Qe2 f5 14. Ne5 Bxe5 15. fxe5 Qe7 16. 0-0-0 Qg5 17. Rde1 h5 18. Nf3 Qe7 19. h3 Nh6 20. dxc5 Bd7 21. b4 a5 22. Nd4 Nf7 23. Bb5 Nxe5 24. Qh2 Qf6 25. Bxd7+ Kxd7 26. Nb5 axb4 27. cxb4 Nd3+ 28. Kb1 e5 29. Qd2 e4 30. Qh2 Qc6 31. Nd4 Qf6 32. Ref1 Qa6 33. Rxf5 Nxb4 34. Qd6+ Qxd6 35. cxd6 Kxd6 36. a3 Nc6 37. Nb5+ Kc5 38. Nc3 Ne7 39. Nxe4+ Kc4 40. Rc1+ Kd3 41. Nc5+ Ke2 42. Rc2+ Kxe3 43. Re5+ Kf3 44. Rxe7 Rxa3 45. Rxb7 Rc8 46. Rb3+ Rxb3+ 47. Nxb3 Rb8 48. Ka2 Rd8 49. Rc3+ Ke4 50. Nd2+ Kf4 51. Kb2 d4 52. Rd3 Rb8+ 53. Kc2 Rc8+ 54. Kd1 Ke5 55. Ke2 Rc3 56. Nf3+ Kf4 57. Rxd4+ Kg3 58. Ng5 Rc2+ 59. Ke1 Rc5 60. h4 Re5+ 61. Kf1 Rf5+ 62. Ke2 Rf4 63. Ne4+ Kxh4 64. Ke3 Kg4 65. Nf2+ 1-0

[Event "Cardona Memorial 22nd"]
[Site "Catalunya"]
[Date "2019.04.06"]
[Round "7"]
[White "Gomez Sanz, Xavier"]
[Black "Gomez De Porras, Guillem"]
[Result "0-1"]
[WhiteElo "1459"]
[BlackElo "1288"]
[PlyCount "108"]
[EventDate "2019.03.16"]
[EventType "swiss"]
[EventRounds "8"]
[EventCountry "ESP"]
[SourceTitle "EXT 2020"]
[Source "ChessBase"]
[SourceDate "2019.10.17"]
[SourceVersion "1"]
[SourceVersionDate "2019.10.17"]
[SourceQuality "1"]

1. d4 e6 2. Bf4 Nf6 3. e3 c5 4. c3 d5 5. Nf3 Bd6 6. Bg3 Qc7 7. Nbd2 Nbd7 8. Bd3 0-0 9. 0-0 e5 10. dxe5 Nxe5 11. Nxe5 Bxe5 12. Bxe5 Qxe5 13. Nf3 Qe7 14. Re1 b6 15. Qc2 Bb7 16. Nd2 Rfe8 17. c4 dxc4 18. Nxc4 Rad8 19. Nd2 Ne4 20. Rad1 Nxd2 21. Rxd2 Be4 22. Bxe4 Rxd2 23. Qxd2 Qxe4 24. Rd1 h6 25. Rc1 c4 26. Re1 b5 27. f3 Qd3 28. Re2 Qxd2 29. Rxd2 Rxe3 30. Kf2 Re8 31. Rd7 a6 32. Ra7 Re6 33. Ra8+ Kh7 34. Rd8 g5 35. g4 Kg6 36. Rd4 Kf6 37. h3 Ke7 38. a4 Rd6 39. Re4+ Kd7 40. axb5 axb5 41. Re2 Kc6 42. Rc2 Kc5 43. b3 Rc6 44. bxc4 bxc4 45. Ke3 Kd5 46. Rd2+ Ke5 47. Rc2 f5 48. gxf5 Kxf5 49. Kd4 Kf4 50. Kd5 Rc8 51. Rc3 Rd8+ 52. Kxc4 Rc8+ 53. Kd3 Rxc3+ 54. Kxc3 Kxf3 0-1